National Book Award Winners - Fiction - Statistics

General Stats
  • This quiz has been taken 100 times
    31 since last reset
  • The average score is 32 of 83
Answer Stats
Year Author Title % Correct
1983 (HC) Alice Walker The Color Purple
90%
1974 (1) Thomas Pynchon Gravity's Rainbow
80%
1992 Cormac McCarthy All the Pretty Horses
70%
1953 Ralph Ellison Invisible Man
60%
2024 Percival Everett James
60%
1982 (HC) John Updike Rabbit is Rich
60%
1980 (HC) William Styron Sophie's Choice
60%
1970 Joyce Carol Oates them
60%
1993 E. Annie Proulx The Shipping News
60%
1981 (PB) John Cheever The Stories of John Cheever
60%
2016 Colson Whitehead The Underground Railroad
60%
1985 Don DeLillo White Noise
60%
1955 William Faulkner A Fable
50%
1973 (2) John Edward Williams Augustus
50%
1983 (PB) Eudora Welty Collected Stories of Eudora Welty
50%
1966 Katherine Anne Porter Collected Stories of Katherine Anne Porter
50%
1951 William Faulkner Collected Stories of William Faulkner
50%
1952 James Jones From Here to Eternity
50%
2000 Susan Sontag In America
50%
1954 Saul Bellow The Adventures of Augie March
50%
1972 Flannery O'Conner The Complete Stories
50%
2001 Jonathan Franzen The Corrections
50%
1950 Nelson Algren The Man with the Golden Arm
50%
2012 Louise Erdrich The Round House
50%
1973 (1) John Barth Chimera
40%
1997 Charles Frazier Cold Mountain
40%
1960 Philip Roth Goodbye, Columbus
40%
1965 Saul Bellow Herzog
40%
1991 Norman Rush Mating
40%
1982 (PB) William Maxwell So Long, See You Tomorrow
40%
1956 John O'Hara Ten North Frederick
40%
1964 John Updike The Centaur
40%
1967 Bernard Malamud The Fixer
40%
1959 Bernard Malamud The Magic Barrel
40%
1962 Walker Percy The Moviegoer
40%
1977 Wallace Stegner The Spectator Bird
40%
1980 (PB) John Irving The World According to Garp
40%
2007 Denis Johnson Tree of Smoke
40%
1994 William Gaddis A Frolic of His Own
30%
1974 (2) Doris Betts Beasts of the Southern Wild and Other Stories
30%
2023 Justin Torres Blackouts
30%
1998 Alice McDermott Charming Billy
30%
1975 (1) Robert Stone Dog Soldiers
30%
2005 William T. Vollman Europe Central
30%
2015 Adam Johnson Fortune Smiles
30%
1979 Tim O'Brien Going After Cacciato
30%
2021 Jason Mott Hell of a Book
30%
2020 Charles Yu Interior Chinatown
30%
1976 William Gaddis J R
30%
2009 Colum McCann Let the Great World Spin
30%
2010 Jaimy Gordon Lord of Misrule
30%
1990 Charles Johnson Middle Passage
30%
1963 J.F. Powers Morte d'Urban
30%
1971 Saul Bellow Mr. Sammler's Planet
30%
1988 Pete Dexter Paris Trout
30%
2014 Phil Klay Redeployment
30%
1995 Philip Roth Sabbath's Theater
30%
2011 Jesmyn Ward Salvage the Bones
30%
2008 Peter Matthiessen Shadow Country
30%
1996 Andrea Barrett Ship Fever and Other Stories
30%
2017 Jesmyn Ward Sing, Unburied, Sing
30%
1989 John Casey Spartina
30%
1969 Jerzy Kosinsky Steps
30%
1968 Thornton Wilder The Eighth Day
30%
1957 Wright Morris The Field of Vision
30%
2018 Sigrid Nunez The Friend
30%
2013 James McBride The Good Lord Bird
30%
2003 Shirley Hazzard The Great Fire
30%
2004 Lily Tuck The News from Paraguay
30%
2022 Tess Gunty The Rabbit Hutch
30%
1958 John Cheever The Wapshot Chronicle
30%
1961 Conrad Richter The Waters of Kronos
30%
2002 Julia Glass Three Junes
30%
2019 Susan Choi Trust Exercise
30%
1984 Ellen Gilchrist Victory Over Japan: A Book of Stories
30%
1999 Ha Jin Waiting
30%
1986 E.L. Doctorow World's Fair
30%
1978 Mary Lee Settle Blood Tie
20%
1975 (2) Donald Barthelme Guilty Pleasures
20%
1987 Larry Heinemann Paco's Story
20%
1981 (HC) Wright Morris Plains Song: For Female Voices
20%
2006 Richard Powers The Echo Maker
20%
2025 Rabih Alameddine The True True Story of Raja the Gullible (and His Mother)
20%
No matching quizzes found
Score Distribution
Percent of People with Each Score
Percentile by Number Answered
Your Score History
You have not taken this quiz since the last reset